000 00559nam a2200193Ia 4500
005 20250508152046.0
008 008 250505s9999 xx 000 0 eng d
037 _aTextual
040 _aFEDL
_beng
_cFEDL
041 _aeng
_2eng
084 _a370.15, MAI
_qFEDL
100 _aMainwaring James
_9760654
245 0 _aPsychology in the classroom
260 _aLondon, UK
_bUniversity of London Press Ltd.
_c1956
300 _ax,118p
650 _aEducation - Psychology
_9755527
942 _cTEXL
_h370.15, MAI
999 _c1333993
_d1333993